The Treasures of the Sun God/ (Record no. 207930)

MARC details
000 -LEADER
fixed length control field 00581nam a22001937a 4500
005 - DATE AND TIME OF LATEST TRANSACTION
control field 20241224124428.0
010 ## - LCCN (DPL NO)
LC control number ENG-142231
020 ## - INTERNATIONAL STANDARD BOOK NUMBER
Terms of availability 999.00
International Standard Book Number 9789393734778
035 ## - SYSTEM CONTROL NUMBER
System control number EN-125763
037 ## - SOURCE OF ACQUISITION
Source of stock number/acquisition Exceller Books
037 ## - SOURCE OF ACQUISITION
Source of stock number/acquisition DBAD
082 ## - DEWEY DECIMAL CLASSIFICATION NUMBER
Classification number 729.61450954
100 ## - MAIN ENTRY--PERSONAL NAME
Personal name Gupta, Arun
245 ## - TITLE STATEMENT
Title The Treasures of the Sun God/
Statement of responsibility, etc by Arun Gupta
260 ## - PUBLICATION, DISTRIBUTION, ETC. (IMPRINT)
Place of publication, distribution, etc Kolkata
Name of publisher, distributor, etc Exceller Books
Date of publication, distribution, etc 2024
270 ## - ADDRESS
Address G1 Dream Apartment, Degree College Road
City Belgharia,Kolkata
300 ## - PHYSICAL DESCRIPTION
Extent 471p.
Dimensions 21cm(pb)
942 ## - ADDED ENTRY ELEMENTS (KOHA)
Source of classification or shelving scheme Dewey Decimal Classification
Item type English Books
Call number suffix GUP
Classification part 729.6.450954
Holdings
Withdrawn status Lost status Not for loan Collection code Home library Current library Date acquired Source of acquisition Cost, normal purchase price Full call number Barcode Copy number Cost, replacement price Koha item type
      Non-fiction Kadipur Kadipur 24/12/2024 Delivery of Books Division 999.00 GUP 729.6.450954 EN-125763 1 999.00 English Books

© Delhi Public Library
Hit Counter
free hit counter